Análisis y diseño de sistemas /

"Análisis y diseño de sistemas", de Kendall y Kendall, es un libro que presenta de manera precisa los métodos, herramientas y técnicas de desarrollo de sistemas con un toque humorístico y fácil de entender. Este libro pone énfasis en los aspectos básicos que los estudiantes deben conocer s...

Descripción completa

Guardado en:
Autor Principal: Kendall, Kenneth E.
Otros Autores: Kendall, Julie E.
Formato: Libro
Publicado: Argentina : Pearson / Prentice Hall, 2005
Materias:
Etiquetas: Agregar Etiqueta
Sin Etiquetas, Sea el primero en etiquetar este registro!
LEADER 02545nam a22002535a 4500
001 CEM.cems013544
008 130507s2005##################000#0#####d
005 20230630162732.0
245 1 0 |a Análisis y diseño de sistemas /  |c Kenneth E. Kendall, Julie E. Kendall; traducción: Antonio Nuñez Ramos; revisión Técnica: Macedonio Alanís, Humbero Cárdenas y María Angélica Pérez de Ovalles 
260 |a Argentina :  |b Pearson / Prentice Hall,  |c 2005 
300 |a 726 p. 
505 0 |a Parte I: Fundamentos del análisis de sistemas: 1 El rol del analista de sistemas, 2 El estilo organizacional y su impacto en los sistemas de infomación, 3 Determinación de la viabilidad y administración de las actividades de análisis y diseño -- Parte II: Análisis de los requerimientos de información, 4 Recopilación de información> Métodos interactivos, 5 Recopilación de información: Métodos no intrusivos, 6 Elaboración de prototipos, RAD y programación extrema -- Parte III: 7 Uso de diagramas de flujo de datos, 8 Análisis de sistemas mediante diccionario de datos, 9 Desscripción de las especificaciones de procesos y decisiones estructuras, 10 Preparación de la propuesta de sistemas -- Parte IV: Aspectos esenciales del diseño: 11 Diseño de una salida eficaz, 12 Diseño de una entrada eficaz, 13 Diseño de bases de datos, 14 Diseño de interfaces de usuario, 15 Diseño de procedimientos precisos de entrada de datos -- Parte V: Ingeniería e implementación del software 
520 |a "Análisis y diseño de sistemas", de Kendall y Kendall, es un libro que presenta de manera precisa los métodos, herramientas y técnicas de desarrollo de sistemas con un toque humorístico y fácil de entender. Este libro pone énfasis en los aspectos básicos que los estudiantes deben conocer sobre las actividades de un analista. Además de detallar el proceso de análisis y ofrecer explicaciones paso a paso sobre el uso de técnicas especializadas, el libro pone especial atención en el impacto de los sistemas en las organizaciones y los efectos de las decisiones de diseño y métodos de salida en los usuarios. 
020 |a 9702605776 
100 1 |a Kendall, Kenneth E. 
700 1 |a Kendall, Julie E. 
082 0 4 |a 001.64 
653 |a Análisis de sistemas 
653 |a Informática 
653 |a Computación 
653 |a Diseño de sistemas 
653 |a Diseño de bases de datos 
859 |a CEMS  |b BIB. CEMS - 11 de abril  |h 001.64  |i K331a6  |p 26166.11  |t Ej.1 
859 |a CEMS  |b BIB. CEMS - 11 de abril  |h 001.64  |i K331a6  |p 29522.23  |t Ej.2